000 00639nam a2200193Ia 4500
003 GCL
008 140319s9999 xx 000 0 ara d
040 _aGCL /
_cGCL
082 0 4 _a001.6424
_bخ ف
100 1 _aخالد العامرى
245 1 0 _aفيجوال بيسيك: مفاهيم برمجة تحديد الاشكال /
_cخالد العامرى
700 1 _aجين سفارتز فاجر
300 _a765 ص
490 _aالهيئة العامة للاستعلامات
_v0
650 0 4 _aالحاسبات الالية
650 0 4 _aالبيسيك
650 0 4 _aالحاسبات الالية - برامج
942 _2ddc
_cBK
999 _c51770
_d51770